The donkey and the load of salt / (Record no. 10083)

MARC details
000 -LEADER
fixed length control field 01073nam a22002657a 4500
001 - CONTROL NUMBER
control field 10083
003 - CONTROL NUMBER IDENTIFIER
control field FISKH
005 - DATE AND TIME OF LATEST TRANSACTION
control field 20260407095708.0
008 - FIXED-LENGTH DATA ELEMENTS--GENERAL INFORMATION
fixed length control field 260407b cb ||||| |||| 00| 0 eng d
020 ## - INTERNATIONAL STANDARD BOOK NUMBER
International Standard Book Number 9788956355160
040 ## - CATALOGING SOURCE
Original cataloging agency FISKH
Language of cataloging eng
Transcribing agency FISKH
Modifying agency FISKH
050 ## - LIBRARY OF CONGRESS CALL NUMBER
Classification number PZ8.2.C43
082 ## - DEWEY DECIMAL CLASSIFICATION NUMBER
Classification number 398.2
100 ## - MAIN ENTRY--PERSONAL NAME
Personal name Sormark, Julie
245 ## - TITLE STATEMENT
Title The donkey and the load of salt /
Statement of responsibility, etc. Through the art style of William Turner ; Retold by Julie Sormark
260 ## - PUBLICATION, DISTRIBUTION, ETC.
Place of publication, distribution, etc. Seoul :
Name of publisher, distributor, etc. Art Classic,
Date of publication, distribution, etc. 2010.
300 ## - PHYSICAL DESCRIPTION
Extent 33 pages :
Other physical details color illustrations ;
Dimensions 24 cm
505 ## - FORMATTED CONTENTS NOTE
Formatted contents note J<br/>
520 ## - SUMMARY, ETC.
Summary, etc. A merchant’s donkey carries salt to market, but when it slips into a river, the load lightens. Thinking this is clever, the donkey repeats it, until the merchant loads it with wet sponges instead. The donkey learns that shortcuts can backfire, teaching a lesson about consequences and cleverness.
521 8# - TARGET AUDIENCE NOTE
Target audience note 500<br/>
Source Lexile estimate<br/>
521 8# - TARGET AUDIENCE NOTE
Target audience note J<br/>
Source Raz-Plus<br/>
650 ## - SUBJECT ADDED ENTRY--TOPICAL TERM
Topical term or geographic name entry element Fable Aesop’s
Form subdivision Children’s Literature
General subdivision Fables
942 ## - ADDED ENTRY ELEMENTS (KOHA)
Source of classification or shelving scheme Dewey Decimal Classification
Koha item type Books
Suppress in OPAC No
Holdings
Withdrawn status Lost status Source of classification or shelving scheme Damaged status Not for loan Collection Home library Current library Shelving location Date acquired Total Checkouts Full call number Barcode Date last seen Copy number Price effective from Koha item type
    Dewey Decimal Classification     Juvenile Fiction Footprints International School Library Network Toul Tom Poung Campus Footprints International School Library Network Toul Tom Poung Campus TTP Primary Dark Blue Bookshelves 04/07/2026   SOR 398.2 PZ8.2.C43 FISBK07176 04/07/2026 1 04/07/2026 Books